| 000 | 00753cab a2200289 4500 | ||
|---|---|---|---|
| 001 | ABS54529 | ||
| 008 | 090401t1996 xxu||||| |||| 00| 0 eng d | ||
| 035 | _a(Sirsi) u10980 | ||
| 041 | _aeng | ||
| 100 | _aNorth, R.D. | ||
| 245 | 4 | _aThe greening of Middle England | |
| 260 | _c1996 | ||
| 300 | _aLoan | ||
| 350 | _a0 | ||
| 490 |
_aTimes _vMagazine, 10 February 1996, 26-31(5) |
||
| 520 | _aReports on plans to plant a 200-square-mile national forest in the East Midlands. | ||
| 650 | _aDERBYSHIRE | ||
| 650 | _aEAST MIDLANDS | ||
| 650 | _aFORESTS | ||
| 650 | _aLEICESTERSHIRE | ||
| 650 | _aNATIONAL FOREST | ||
| 650 | _aRURAL DEVELOPMENT | ||
| 650 | _aSTAFFORDSHIRE | ||
| 690 | _aCONSERVATION | ||
| 942 | _n0 | ||
| 948 | _c04/03/1997 | ||
| 999 |
_c6999 _d6999 |
||